000 01409nam a2200205Ia 4500
003 Ost
005 20260507075019.0
008 260507s9999||||xx |||||||||||||| ||und||
040 _cfsecg
041 _aara
082 _a338.7
100 _aالتهامي، محمد عبد الكريم
_eمؤلف
245 0 _aصيغ عقود الشركات /
_c محمد عبد الكريم التهامي
260 _a[دون مكان]:
_bدار الإسراء,
_c2003
300 _a258 صفحة؛
_bإيضاحات ؛
_c24 سم
520 _aنموذج للعقد الإبتدائي والنظام الأساسي للشركة المساهمة-نموذج للعقد الإبتدائي والنظام الأساسي لشركة توصية بالأسهم-نموذج لعقد تأسيس شركة ذات مسؤولية محدودة-نموذج العقد الإبتدائي للشركة القابضة التي يشترك في تأسيسها أكثر من شخص اعتباري-نماذج عقود شركات الأشخاص-الإجراءات العملية لتوثيق عقود الشركات طبقا لتعليمات الشهر العقاري-اجراءات تسجل عقود الشركات المحكمة-الغرفة التجارية-يجب قراءة هذا الباب قبل القيام بتحرير عقد من عقود الشركات
653 _aالشركات
653 _aالعقود
942 _cكتاب
999 _c42250
_d42250